| 000 | 00680nam a2200253Ia 4500 | ||
|---|---|---|---|
| 003 | OSt | ||
| 005 | 20221005051306.0 | ||
| 006 | a|||||r|||| 00| 0 | ||
| 007 | ta | ||
| 008 | 221004b |||||||| |||| 00| 0 eng d | ||
| 020 | _a0485111705 | ||
| 024 | _a43006 | ||
| 037 | _cTextual | ||
| 040 |
_aCRL _cCRL _beng |
||
| 041 |
_2eng _aeng |
||
| 082 | _aO142,4M28x, 111L7.1-.2 | ||
| 100 | _aChristian R F Ed. | ||
| 245 | 0 | _aTolstoy's letters | |
| 260 |
_aLondon _bAthlone UK _c1978 |
||
| 650 | _a ENGLISH LITERATURE | ||
| 650 | _aRUSSIAN LITERATURE | ||
| 942 |
_hO142,4M28x, 111L7.1-.2 _cTEXL _2cc |
||
| 999 |
_c958590 _d958590 |
||